000
00227 a2200097 4500
001
13976
100
_a
Lumley frederick
245
_a
New trends in 20th cent drama
260
_a
London
_b
Darrie Jenkins
_c
090
_c
10938
_d
10938
942
_a
NUST-CAE
_c
M
_c
1045
999
_c
249049
_d
249049